000 00505 a2200169 4500
999 _c8051
_d8051
020 _a0748761640
050 _aLB1139 GRE 2002
100 _aGreen, Sandy
_eauthor
245 _aBTEC National early years /
_cSandy Green
264 _aCheltenham :
_bNelson Thornes,
_c2002.
300 _a502p. :
_bill.
500 _aIncludes bibliographical references
650 _aChild care -- Textbooks.
650 _aChild care -- Problems, exercises, etc.
650 _aChild care.
942 _2lcc
_cBK
_h1139
_iGRE
_kLB